| 000 | 01060nam a2200229 i 4500 | ||
|---|---|---|---|
| 001 | 186498 | ||
| 003 | SpMaBN | ||
| 005 | 20250905102002.0 | ||
| 008 | 161118s2010 sp ao c |||| |dspa d | ||
| 020 | _a978-84-8026-418-1 | ||
| 080 | _a7.036(083.824) | ||
| 245 | 0 | 0 |
_aNuevos realismos, 1957-1962 _b: estrategias del objeto, entre "readymade" y espectáculo : [exposición : Museo Nacional Centro de Arte Reina Sofía, 15 de junio-4 de octubre de 2010] / _cedición a cargo de Julia Robinson ; con textos de Ágnes Berecz, Benjamin H.D. Buchloh, Emmelyn Butterfield-Rosen, Hannah Feldman, Julia Robinson. |
| 260 |
_a[Madrid] : _bMuseo Nacional Centro de Arte Reina Sofía, _c[2010] |
||
| 300 |
_a294 p. : _bprincipalmente il. col. y n., fot. ; _c28 cm. |
||
| 650 | 7 |
_aArte- _yS.XX- _vExposiciones. _910140 |
|
| 655 | 7 |
_2tgfbne _9193628 _aCatálogos de exposiciones |
|
| 700 | 1 |
_aRobinson, Julia. _9161318 |
|
| 710 | 2 |
_aMuseo Nacional Centro de Arte Reina Sofía _9147737 |
|
| 852 |
_aES-MaACL _jL-30842 |
||
| 942 | _2udc | ||
| 999 |
_c186498 _d186498 |
||